Normal view
MARC view
- الاحصاء-المعادلات
Entry Topical Term
001 - CONTROL NUMBER
- control field: 64028
003 - CONTROL NUMBER IDENTIFIER
- control field: JO-AjAnu
005 - DATE AND TIME OF LATEST TRANSACTION
- control field: 20230606084440.0
008 - FIXED-LENGTH DATA ELEMENTS
- fixed length control field: 230606|| aca||aabn | a|a d
040 ## - CATALOGING SOURCE
- Original cataloging agency: JO-AjAnu
- Transcribing agency: JO-AjAnu
150 ## - HEADING--TOPICAL TERM
- Topical term or geographic name entry element: الاحصاء-المعادلات
670 ## - SOURCE DATA FOUND
- Source citation: Work cat.: (JO-AjAnu)32640: القهوجي،ايمن سليمان؛مؤلف مشارك فريال محمد ابو عواد, author 64027, النمذجة بالمعادلات البنائية باستخدام برنامج اموس